Perturbations of Banach algebras
Saved in:
| Main Author: | |
|---|---|
| Format: | Book |
| Language: | English |
| Published: |
Berlin :
Springer-Verlag,
c1985
|
| Series: | Lecture notes in mathematics (Springer-Verlag)
; 1120 |
| Subjects: | |
| Tags: |
Add Tag
No Tags, Be the first to tag this record!
|
MARC
| LEADER | 00000cam a2200000 i 4500 | ||
|---|---|---|---|
| 001 | 1/62565 | ||
| 008 | 941103s1985 eng d | ||
| 020 | |a 3-540-15218-0 | ||
| 035 | |a 1993 |l 10046640 | ||
| 040 | |a GR-MY-UA |b gre |e aacr | ||
| 041 | 0 | |a eng | |
| 082 | 0 | |a 512.55 | |
| 100 | 1 | |a Jarosz, Krzysztof, |d 1953- | |
| 245 | 1 | 0 | |a Perturbations of Banach algebras / |c Krzysztof Jarosz |
| 260 | |a Berlin : |b Springer-Verlag, |c c1985 | ||
| 300 | |a 116 p.; |c 24 cm. | ||
| 490 | 1 | |a Lecture notes in mathematics (Springer-Verlag) |v ; 1120 | |
| 500 | |a Includes bibliographical references and index | ||
| 650 | 0 | 0 | |a Banach spaces. |
| 650 | 0 | 0 | |a Perturbation (Mathematics) |
| 830 | 0 | |a Lecture notes in mathematics (Springer-Verlag) |v ; 1120 | |
| 852 | |a INST |b SAMOS |e 19941103 |h 512.55 JAR |p 005300006975 |q 005300006975 |t BK |y 0 | ||
| 909 | |a Σ |b 029000 | ||